| 000 | 00447nam a22001457a 4500 | ||
|---|---|---|---|
| 003 | MACL | ||
| 005 | 20200722150320.0 | ||
| 008 | 200722b xxu||||| |||| 00| 0 eng d | ||
| 040 | _cMACL | ||
| 100 |
_aहिंमाशु _979166 |
||
| 245 | _aसाहित्य, समाज और सिनेमा | ||
| 260 |
_aकोलकाता _bआनंद प्रकाशन _c2017 |
||
| 650 |
_aसिनेमा _9268 |
||
| 942 |
_2ddc _cHIN |
||
| 999 |
_c62765 _d62765 |
||